000 00793nam a2200253 a 4500
001 BRCA_6816
005 20190320205614.0
008 041111s1954----mx-a######---#000-0#spa-#
041 _aspa
044 _amx
050 4 _aGV1834
_b.Ch36 1954
245 1 0 _aLa charrería
_cMuseo Nacional de Artes e Industrias Populares
260 _aMéxico
_bMuseo Nacional de Artes e Industrias Populares
_c1954
300 _a76 p.
_bil.
_c17 cm.
440 0 _aMuseo Nacional de Artes e Industrias Populares
_v6
_917000
500 _aO3
650 1 4 _aEquitación
_917001
650 1 4 _aCaballos
_917002
650 1 4 _aCharrería
_917003
651 4 _aMéxico
_xVida social y costumbres
_9769
710 2 _aMuseo Nacional de Artes e Industrias Populares (México)
_917004
902 _aGFM
942 _2lcc
_cB
999 _c6499
_d6499